000
00292nam a22001217a 4500
999
_c
12133
_d
12133
082
_a
938.05
100
_a
Professor Dr. M. Nawaz Mehsood
245
_a
Waziristan Kal, Aaj aur
260
_a
Sargodha
_b
University of Sargodha
_c
2015
300
_a
306
650
_a
English Fiction
942
_c
BK